| 000 | 00646nam a22002297a 4500 | ||
|---|---|---|---|
| 003 | OSt | ||
| 005 | 20231206155618.0 | ||
| 008 | 231205b |||||||| |||| 00| 0 eng d | ||
| 020 | _a9788188025657 | ||
| 040 | _cSTCPL | ||
| 041 | _aMAL | ||
| 082 |
_aM09 _bSUK-V |
||
| 100 |
_aPalkulangara, Suku _qസുകു പാൽക്കുളങ്ങര |
||
| 245 |
_aVayalar Pravachaka Kavi / _cby Suku Palkulangara _hവയലാർ പ്രവാചക കവി / |
||
| 260 |
_aKozhikode , _bLipi Publications , _c2020 . |
||
| 300 |
_a96 p. _bPB |
||
| 650 | _aMalayalam | ||
| 650 | _aStudy | ||
| 942 | _cBK | ||
| 942 | _2ddc | ||
| 942 |
_2ddc _n0 |
||
| 999 |
_c81106 _d81106 |
||